[Event "AUTO-ADV-3788"]
[Site "http://www.queenalice.com/game.php?id=1466476"]
[Date "2017.2.25"]
[Round "1"]
[White "mauricio_sm"]
[Black "JoseHenrique"]
[Result "1-0"]
[WhiteElo "2041"]
[BlackElo "1881"]

1. e4 e5 2. Nf3 Nc6 3. Bc4 Nf6 4. Nc3 Bb4 5. O-O O-O 6. Re1 a6 7. a3 Bxc3 8.
dxc3 b5 9. Bb3 a5 10. Bg5 a4 11. Bd5 Bb7 12. Bxc6 Bxc6 13. Nxe5 Qc8 14. Bxf6
gxf6 15. Qg4+ Kh8 16. Nxc6 dxc6 17. Qxc8 Raxc8 18. Rad1 Rcd8 19. Rd3 Rd6 20.
Red1 Re6 21. f3 Rfe8 22. Rd8 Kg7 23. Rxe8 Rxe8 24. Rd7 Rc8 25. Kf2 Kf8 26. Ke3
Ke8 27. Rd4 Ke7 28. Kf4 Ke6 29. g3 h5 30. h3 Rh8 31. h4 c5 32. Rd2 Rg8 33. Rd5
c6 34. Rxc5 Kd6 35. Rxh5 1-0

[Event "AUTO-ADV-3788"]
[Site "http://www.queenalice.com/game.php?id=1466477"]
[Date "2017.2.25"]
[Round "1"]
[White "JoseHenrique"]
[Black "mauricio_sm"]
[Result "0-1"]
[WhiteElo "1931"]
[BlackElo "1946"]

1. c4 e5 2. Nc3 Nf6 3. g3 Nc6 4. Bg2 d6 5. d3 Bd7 6. Bg5 Be7 7. Nf3 O-O 8. O-O
a6 9. Nd2 Rb8 10. a3 Nd4 11. e3 Ne6 12. Nde4 Nxe4 13. Bxe7 Nxc3 14. Bxd8 Nxd1
15. Bh4 Nxb2 16. Rab1 Nxd3 17. Bxb7 g5 18. Bxg5 Nxg5 19. Rfd1 Nc5 20. Bg2 Bg4
21. Rf1 Nf3+ 22. Bxf3 Bxf3 23. Rbc1 Rb2 0-1

[Event "AUTO-ADV-3788"]
[Site "http://www.queenalice.com/game.php?id=1466490"]
[Date "2017.2.25"]
[Round "1"]
[White "JoseHenrique"]
[Black "mvson33"]
[Result "1-0"]
[WhiteElo "1919"]
[BlackElo "1808"]

1. c4 e5 2. Nc3 Nf6 3. g3 Bc5 4. Bg2 O-O 5. d3 a6 6. Bg5 Be7 7. Nf3 d6 8. O-O
Nc6 9. a3 Bg4 10. Qd2 Qd7 11. b4 Bxf3 12. Bxf3 Nd4 13. Rab1 Qf5 14. Bxb7 Ra7 15.
Bg2 Re8 16. a4 Nc6 17. Bxc6 a5 18. Bxe8 1-0

[Event "AUTO-ADV-3788"]
[Site "http://www.queenalice.com/game.php?id=1466491"]
[Date "2017.2.25"]
[Round "1"]
[White "mvson33"]
[Black "JoseHenrique"]
[Result "1-0"]
[WhiteElo "1775"]
[BlackElo "1932"]

1. e4 e5 2. Nf3 Nc6 3. Bc4 Nf6 4. Nc3 Bb4 5. a3 Bxc3 6. dxc3 a6 7. Bg5 b5 8. Ba2
d6 9. Qd3 h6 10. Bh4 g5 11. Bg3 O-O 12. h3 Bb7 13. O-O Ne7 14. Rad1 Bxe4 15. Qe3
Bxf3 16. Qxf3 Ng6 17. Bh2 e4 18. Qe3 Re8 19. Qd2 Nd7 20. Qd5 Qe7 21. Rfe1 Nf6
22. Qd2 Rad8 23. c4 1-0

[Event "AUTO-ADV-3788"]
[Site "http://www.queenalice.com/game.php?id=1466492"]
[Date "2017.2.25"]
[Round "1"]
[White "JoseHenrique"]
[Black "jmsteinfeld"]
[Result "1-0"]
[WhiteElo "1879"]
[BlackElo "1997"]

1. c4 e5 2. Nc3 Bc5 3. g3 d6 4. Bg2 Nc6 5. e3 a6 6. Nge2 Bg4 7. O-O Bxe2 8. Qxe2
Nf6 9. a3 O-O 10. b4 Ba7 11. d3 Qd7 12. Nd5 Nxd5 13. cxd5 Ne7 14. Bb2 c6 15.
dxc6 bxc6 16. Rac1 Rac8 17. Rfd1 c5 18. d4 exd4 19. exd4 cxd4 20. Qxa6 Rxc1 21.
Rxc1 d5 22. Qd3 Rc8 23. Rxc8+ Nxc8 24. Bxd4 Bxd4 25. Qxd4 Ne7 26. Qd3 d4 27. b5
Qa7 28. Qb3 Qb6 29. a4 Nf5 30. Bd5 Nd6 31. Qb4 Nb7 32. Bxb7 Qxb7 33. Qxd4 Qa8
34. b6 h6 35. Qb4 1-0

[Event "AUTO-ADV-3788"]
[Site "http://www.queenalice.com/game.php?id=1466493"]
[Date "2017.2.25"]
[Round "1"]
[White "jmsteinfeld"]
[Black "JoseHenrique"]
[Result "1/2-1/2"]
[WhiteElo "1936"]
[BlackElo "1921"]

1. e4 e5 2. Nf3 Nc6 3. Bb5 d6 4. Bxc6+ bxc6 5. d3 Nf6 6. Bg5 Be7 7. Bxf6 Bxf6 8.
Nc3 Bg4 9. h3 Bxf3 10. Qxf3 O-O 11. O-O Qb8 12. b3 Qb4 13. Na4 d5 14. Rac1 d4
15. g4 h6 16. c3 Qd6 17. cxd4 exd4 18. Rfe1 Rfe8 19. e5 Bxe5 20. Rxc6 Bh2+ 21.
Kf1 Rxe1+ 22. Kxe1 Qb4+ 23. Kf1 Re8 24. Kg2 Bd6 25. Rc4 Qb5 26. Rxd4 Qe5 27. Re4
Qh2+ 28. Kf1 Rxe4 29. dxe4 Qe5 30. Nc3 Bb4 31. Nd5 Bd6 32. a4 c6 33. Ne3 Bb4 34.
Nc4 Qe6 35. e5 a5 36. Qf5 Qd5 37. Qc8+ Kh7 38. Qf5+ Kg8 39. Qc8+ Kh7 40. Qf5+
Kg8 41. Qc8+ Kh7 42. Qf5+ Kg8 43. Qc8+ Kh7 1/2-1/2

[Event "AUTO-MASTER-2568"]
[Site "http://www.queenalice.com/game.php?id=1466512"]
[Date "2017.2.25"]
[Round "1"]
[White "CCapivara"]
[Black "JoseHenrique"]
[Result "1-0"]
[WhiteElo "2185"]
[BlackElo "1910"]

1. e4 e5 2. Nf3 Nc6 3. Bb5 d6 4. O-O Bd7 5. d4 exd4 6. Nxd4 g6 7. Nc3 Nge7 8.
Bg5 Bg7 9. Bxc6 bxc6 10. Qd2 O-O 11. Rad1 c5 12. Nde2 Re8 13. Nd5 Bc6 14. Nxe7+
Rxe7 15. Bxe7 Qxe7 16. f3 Bxb2 17. c3 Ba3 18. Rb1 c4 19. Nd4 Bc5 20. Kh1 Bd7 21.
Qe2 Be6 22. Nxe6 Qxe6 23. Rfd1 c6 24. Qd2 Rd8 25. h4 d5 26. Qg5 Be7 27. exd5
cxd5 28. Qg3 Bd6 29. Qg5 Be7 30. Qg3 Bd6 31. Qf2 Rd7 32. Re1 Qf5 33. Re8+ Kg7
34. Qd4+ f6 35. Rbe1 1-0

[Event "AUTO-MASTER-2568"]
[Site "http://www.queenalice.com/game.php?id=1466513"]
[Date "2017.2.25"]
[Round "1"]
[White "JoseHenrique"]
[Black "CCapivara"]
[Result "0-1"]
[WhiteElo "1924"]
[BlackElo "2196"]

1. c4 e5 2. Nc3 f5 3. g3 Nf6 4. Bg2 d6 5. d3 c6 6. Bg5 Be7 7. e3 O-O 8. Nge2 Be6
9. O-O Nbd7 10. b4 d5 11. a3 dxc4 12. d4 a5 13. dxe5 Nxe5 14. Nd4 Bd7 15. Qe2
axb4 16. axb4 Bxb4 17. Qc2 Qe7 18. Nxf5 Bxf5 19. e4 Bg6 20. Ne2 Rxa1 21. Rxa1 b5
22. Nf4 h6 23. Bxf6 Qxf6 24. Rd1 Rd8 25. Rb1 Bc5 26. Bf1 Ng4 27. Kg2 Bxf2 28. h3
Ne3+ 0-1

[Event "AUTO-MASTER-2568"]
[Site "http://www.queenalice.com/game.php?id=1466526"]
[Date "2017.2.25"]
[Round "1"]
[White "andrevillares"]
[Black "JoseHenrique"]
[Result "1-0"]
[WhiteElo "2057"]
[BlackElo "1871"]

1. d4 d5 2. c4 Nf6 3. cxd5 Nxd5 4. e4 Nf6 5. Bd3 g6 6. Nc3 a6 7. Nf3 Bg4 8. e5
Nd5 9. Qb3 Bxf3 10. gxf3 Nb6 11. Be3 e6 12. Ne4 Bg7 13. O-O-O O-O 14. Bg5 Qxd4
15. f4 Qa4 16. Qxa4 Nxa4 17. h4 Nd7 18. h5 h6 19. Be7 Rfe8 20. Nf6+ Bxf6 21.
exf6 Nxf6 22. Bxf6 Kh7 23. hxg6+ fxg6 24. Bg5 h5 25. Rxh5+ Kg7 26. Rh6 Nc5 27.
Rxg6+ Kf7 28. Bb1 c6 29. Rh1 Rh8 30. Rgh6 Rxh6 31. Rxh6 Rg8 32. Rh7+ Ke8 33. Rc7
1-0

[Event "AUTO-MASTER-2568"]
[Site "http://www.queenalice.com/game.php?id=1466527"]
[Date "2017.2.25"]
[Round "1"]
[White "JoseHenrique"]
[Black "andrevillares"]
[Result "1-0"]
[WhiteElo "1898"]
[BlackElo "2079"]

1. c4 Nf6 2. Nc3 d5 3. cxd5 Nxd5 4. e4 Nxc3 5. dxc3 e5 6. Qxd8+ Kxd8 7. Bg5+ f6
8. Rd1+ Ke8 9. Be3 Bd6 10. Bc4 Nc6 11. Ne2 Bd7 12. O-O Rd8 13. a3 Bg4 14. f3 Bh5
15. Ng3 Bg6 16. Bb5 Bf7 17. Bxc6+ bxc6 18. Bxa7 c5 19. b4 Ra8 20. Bxc5 Bxc5+ 21.
Kh1 Bb6 22. Ra1 c5 23. Nf5 cxb4 24. cxb4 g6 25. Nd6+ Ke7 26. Rfd1 Rhd8 27. Nxf7
Kxf7 28. Rxd8 Rxd8 29. h3 Rd2 30. a4 Rb2 31. b5 Ke6 32. Rc1 Kd6 33. Rc6+ Kd7 34.
Rxb6 Ra2 35. Ra6 f5 36. a5 Kc8 37. Rc6+ Kb7 38. Rb6+ Kc7 39. Rc6+ Kb7 40. a6+
Kb8 41. Rc5 fxe4 42. fxe4 Rb2 43. Rxe5 Rb4 44. Kh2 Ka7 45. Re7+ Kb6 46. Rb7+ Kc5
47. a7 Ra4 48. b6 Kc6 49. Rb8 h5 50. a8=Q+ Rxa8 51. Rxa8 Kxb6 52. Rg8 1-0

[Event "AUTO-MASTER-2568"]
[Site "http://www.queenalice.com/game.php?id=1466534"]
[Date "2017.2.25"]
[Round "1"]
[White "Michelangelo"]
[Black "JoseHenrique"]
[Result "1-0"]
[WhiteElo "2104"]
[BlackElo "1922"]

1. e4 e5 2. Nf3 Nc6 3. Bb5 Nf6 4. O-O Nxe4 5. Bxc6 bxc6 6. d4 exd4 7. Re1 d5 8.
Nbd2 Bf5 9. Nxd4 Qd7 10. Nxf5 Qxf5 11. f3 Bc5+ 12. Kh1 O-O 13. fxe4 dxe4 14.
Nxe4 Rad8 15. Qf3 Qxf3 16. gxf3 Rfe8 17. Bf4 Bb6 18. Rad1 h6 19. c4 Bd4 20. b3
a5 21. Bxc7 Rd7 22. Bxa5 Ra8 23. b4 Raa7 24. Nc5 Bxc5 25. Rxd7 Rxd7 26. bxc5 Rd4
27. a3 Rxc4 28. Bb4 Rf4 29. Kg2 g5 30. Re4 Rf5 31. Rd4 Rd5 32. Rxd5 1-0

[Event "AUTO-MASTER-2568"]
[Site "http://www.queenalice.com/game.php?id=1466535"]
[Date "2017.2.25"]
[Round "1"]
[White "JoseHenrique"]
[Black "Michelangelo"]
[Result "0-1"]
[WhiteElo "1926"]
[BlackElo "2121"]

1. c4 e5 2. Nc3 Nf6 3. g3 b6 4. Bg2 Nc6 5. d3 Bb7 6. Nh3 Be7 7. O-O O-O 8. Bg5
h6 9. Bxf6 Bxf6 10. f4 exf4 11. Nxf4 Bd4+ 12. Kh1 Na5 13. Qd2 Bxg2+ 14. Nxg2 c6
15. e3 Be5 16. d4 Bc7 17. Qd3 Re8 18. b4 Nb7 19. a4 Qe7 20. Rab1 Nd6 21. b5 Ne4
22. Na2 Bxg3 23. Nc3 Nf2+ 24. Rxf2 Bxf2 25. d5 Bh4 26. dxc6 dxc6 27. bxc6 Bf6
28. Nd5 Qd6 29. c7 Be5 30. h3 Qe6 31. e4 Qc6 32. Qc2 Bxc7 33. Nge3 Be5 34. Nf5
Kh8 35. Nfe7 Qe6 36. Qg2 Rxe7 37. Rg1 Rd7 38. Nf4 Qxc4 0-1

[Event "AUTO-ADV-3752"]
[Site "http://www.queenalice.com/game.php?id=1476251"]
[Date "2017.5.1"]
[Round "2"]
[White "Tantra"]
[Black "JoseHenrique"]
[Result "1-0"]
[WhiteElo "2243"]
[BlackElo "1920"]

1. d3 d5 2. Nd2 e5 3. g3 d4 4. Bg2 Bb4 5. a3 Bxd2+ 6. Bxd2 c6 7. Nf3 Qc7 8. O-O
Be6 9. Qe1 Nf6 10. e4 O-O 11. h3 h6 12. g4 Nh7 13. Rc1 Nd7 14. c3 Nc5 15. Qe2
Nb3 16. Rc2 Nxd2 17. Qxd2 Rad8 18. c4 c5 19. Rb1 a6 20. b4 b6 21. b5 a5 22. a4
Rfe8 23. Rf1 Nf8 24. Kh2 Ng6 25. Ng1 Qe7 26. Ne2 Rf8 27. f4 exf4 28. Nxf4 Nxf4
29. Qxf4 Qd6 30. e5 Qe7 31. Rcf2 Rd7 32. Kg3 Qg5 33. Qxg5 hxg5 34. Be4 Rdd8 35.
h4 gxh4+ 36. Kxh4 g6 37. Kg5 Kg7 38. Rf6 Rh8 39. Bxg6 Rh6 40. Rxf7+ Bxf7 41.
Rxf7+ Kg8 42. Kxh6 1-0

[Event "AUTO-ADV-3752"]
[Site "http://www.queenalice.com/game.php?id=1476252"]
[Date "2017.5.1"]
[Round "2"]
[White "JoseHenrique"]
[Black "Tantra"]
[Result "0-1"]
[WhiteElo "1933"]
[BlackElo "2277"]

1. c4 c5 2. Nc3 Nc6 3. g3 Nf6 4. Bg2 e6 5. d3 Be7 6. Nf3 O-O 7. b3 d5 8. d4 b6
9. e3 Bb7 10. cxd5 Nxd5 11. Nxd5 exd5 12. Bb2 cxd4 13. Nxd4 Bb4+ 14. Kf1 Ne5 15.
h4 Ba6+ 16. Kg1 Rc8 17. a3 Bc3 18. Bxc3 Rxc3 19. a4 Bb7 20. h5 a6 21. h6 Qf6 22.
hxg7 Re8 23. Qh5 Qg6 24. Nf5 Bc8 25. Qxg6 fxg6 26. Nd6 Rd8 27. Bxd5+ Kxg7 28.
Nxc8 Rcxc8 29. e4 Rc2 30. Kg2 Rf8 31. Rhf1 Ng4 32. Kg1 Nxf2 33. b4 a5 34. b5 Re2
35. Rae1 Nh3+ 36. Kh1 Rxf1+ 37. Rxf1 Ng5 38. Rf4 h5 39. Rh4 Kf6 40. g4 Nf3 0-1

[Event "AUTO-ADV-3752"]
[Site "http://www.queenalice.com/game.php?id=1476259"]
[Date "2017.5.1"]
[Round "2"]
[White "JoseHenrique"]
[Black "Cacmathias"]
[Result "0-1"]
[WhiteElo "1922"]
[BlackElo "2348"]

1. c4 c5 2. Nc3 g6 3. g3 Bg7 4. Bg2 Nc6 5. d3 d6 6. e4 Nd4 7. Nge2 Bg4 8. O-O
Bf3 9. Be3 Nxe2+ 10. Nxe2 Bxg2 11. Kxg2 Nf6 12. Rb1 Ng4 13. Bd2 O-O 14. h3 Nf6
15. Bc3 e5 16. b4 Nd7 17. b5 f5 18. exf5 Rxf5 19. a4 d5 20. Ba1 d4 21. Bb2 Qa5
22. Bc1 Raf8 23. Bd2 Qd8 24. a5 Qf6 25. Qe1 Qf7 26. Nc1 h6 27. Nb3 Rf3 28. Qe2
e4 29. dxe4 d3 30. Qe1 Qxc4 31. Nc1 Qe6 32. Be3 Qxe4 33. Nb3 Rxf2+ 0-1

[Event "AUTO-ADV-3752"]
[Site "http://www.queenalice.com/game.php?id=1476260"]
[Date "2017.5.1"]
[Round "2"]
[White "Cacmathias"]
[Black "JoseHenrique"]
[Result "1-0"]
[WhiteElo "2329"]
[BlackElo "1900"]

1. c4 e5 2. g3 Nf6 3. Bg2 c6 4. d4 Bb4+ 5. Bd2 Bxd2+ 6. Qxd2 exd4 7. Qxd4 O-O 8.
Nf3 b6 9. Nc3 Bb7 10. Qd6 Na6 11. O-O-O Nc5 12. Ne5 Ne8 13. Qd2 d6 14. Nxc6 Qc7
15. Nd5 Qd7 16. Nce7+ Kh8 17. Qc2 Bxd5 18. Nxd5 Rd8 19. Rd4 Nc7 20. Bh3 Qxh3 21.
Rh4 1-0

[Event "Ajedrez # 5"]
[Site "http://www.queenalice.com/game.php?id=1483830"]
[Date "2017.6.26"]
[Round "1"]
[White "Sigmund"]
[Black "JoseHenrique"]
[Result "0-1"]
[WhiteElo "1915"]
[BlackElo "1917"]

1. e4 e5 2. Nf3 d6 3. Bc4 h6 4. h3 Nf6 5. a3 Nxe4 6. d3 Nf6 7. Be3 Nc6 8. Nc3
Be7 9. Qe2 a6 10. O-O-O d5 11. d4 e4 12. Ne5 dxc4 13. Nxc6 bxc6 14. Qxc4 Bb7 15.
g4 Nd5 16. Nxe4 O-O 17. f4 Nxe3 18. Qb3 Nxd1 19. Rxd1 Rb8 20. f5 Kh8 21. c3 Ba8
22. Qc4 Qc8 23. b4 Qb7 24. Rf1 Qb5 25. Qxb5 cxb5 26. Ng3 Bg5+ 27. Kb2 Bg2 28.
Rf2 Bxh3 29. Ne4 Bxg4 30. f6 g6 31. Rh2 Kh7 32. Nxg5+ Kg8 33. Rxh6 Bh5 34. Nh7
Rfe8 35. Ng5 Re6 36. Nxe6 fxe6 37. f7+ Kxf7 38. Rh7+ Kf6 39. Rxc7 Bf3 40. Rh7 g5
41. Rh2 g4 42. Rf2 Kf5 43. Rf1 Kf4 44. Re1 Re8 45. d5 Bxd5 0-1

[Event "Challenge"]
[Site "http://www.queenalice.com/game.php?id=1486104"]
[Date "2017.7.14"]
[Round "-"]
[White "tucuman"]
[Black "JoseHenrique"]
[Result "0-1"]
[WhiteElo "1844"]
[BlackElo "1931"]

1. e4 e5 2. Bc4 Nf6 3. d3 Nc6 4. h3 h6 5. a3 Be7 6. Nf3 d5 7. exd5 Nxd5 8. Bb5
f6 9. Bxc6+ bxc6 10. O-O O-O 11. c4 Nb6 12. Be3 Be6 13. b3 Qd7 14. Nh2 f5 15.
Nc3 f4 16. Bxb6 cxb6 17. Qd2 Bxh3 18. gxh3 Qxh3 19. f3 Rf5 20. Kh1 Rh5 21. Qg2
Qg3 22. Rg1 Bh4 23. Qxg3 Bxg3 24. Rg2 Rf8 25. Kg1 Rff5 26. Ne4 Bxh2+ 27. Kf2 Kh7
28. Ra2 Rh3 29. Ra1 g5 30. Rh1 Bg3+ 31. Kg1 Rxh1+ 32. Kxh1 h5 33. Nxg3 fxg3 34.
Rxg3 Kh6 35. Kg2 Rf4 36. Kf2 g4 37. Kg2 Kg5 38. fxg4 Rxg4 39. Kh3 Kf4 40. b4
Rxg3+ 0-1

[Event "Challenge"]
[Site "http://www.queenalice.com/game.php?id=1486105"]
[Date "2017.7.14"]
[Round "-"]
[White "JoseHenrique"]
[Black "tucuman"]
[Result "0-1"]
[WhiteElo "1944"]
[BlackElo "1782"]

1. c4 d5 2. e3 d4 3. exd4 Qxd4 4. Nf3 Qe4+ 5. Qe2 Qxe2+ 6. Bxe2 e6 7. d4 a6 8.
Bf4 Bd6 9. Bxd6 cxd6 10. Nc3 Nf6 11. O-O O-O 12. Rfe1 Bd7 13. Nd2 Nc6 14. d5
exd5 15. Nxd5 Nxd5 16. cxd5 Ne5 17. Ne4 Rac8 18. Nxd6 Rb8 19. b3 b5 20. Bxb5
axb5 21. Rxe5 Rb6 22. Nf5 f6 23. Ne7+ Kh8 24. Re3 b4 25. Rd1 f5 26. Rf3 f4 27.
g3 Bg4 28. Rxf4 Rxf4 29. Rd2 Rf8 30. Rd4 Bf3 31. Nc6 Bxd5 32. Nxb4 Bf3 33. h4
Re6 34. Kf1 Rfe8 35. Nd3 h6 36. a4 Re2 37. b4 Ra2 38. Nc1 Ra1 39. Rc4 Rxa4 40.
Nd3 Ra1+ 41. Nc1 Be2+ 0-1

[Event "Challenge"]
[Site "http://www.queenalice.com/game.php?id=1487618"]
[Date "2017.7.26"]
[Round "-"]
[White "JoseHenrique"]
[Black "tucuman"]
[Result "1-0"]
[WhiteElo "1913"]
[BlackElo "1838"]

1. c4 d5 2. cxd5 Qxd5 3. Nc3 Qd8 4. d4 e6 5. e4 h6 6. Nf3 Bb4 7. a3 Bxc3+ 8.
bxc3 Bd7 9. Bd3 Nc6 10. Be3 a6 11. O-O Qe7 12. c4 Nf6 13. Qc2 O-O 14. h3 Qd8 15.
e5 Nh7 16. Bxh7+ Kh8 17. Bd3 f6 18. Qd2 f5 19. Bxh6 g6 20. Bxf8 Qxf8 21. Qg5 Qg7
22. Qh4+ Qh7 23. Qxh7+ Kxh7 24. Ng5+ Kg7 25. d5 exd5 26. Rfe1 dxc4 27. Bxc4 Re8
28. e6 Bc8 29. f4 Nd4 30. Rad1 Nc2 31. Re2 Nxa3 32. Ba2 Re7 33. Rd8 Bxe6 34.
Bxe6 Nb1 35. Rg8+ Kf6 36. Rf8+ Kg7 37. Rf7+ Rxf7 38. Bxf7 Nc3 39. Re7 Kf6 40.
Rxc7 Ne4 41. h4 Nxg5 42. hxg5+ Kg7 43. Rxb7 Kf8 44. Bxg6 a5 45. Bxf5 a4 46. Be6
a3 47. g6 a2 48. Bxa2 1-0

[Event "Ajedrez # 5"]
[Site "http://www.queenalice.com/game.php?id=1488361"]
[Date "2017.8.1"]
[Round "2"]
[White "JoseHenrique"]
[Black "peterwagner"]
[Result "0-1"]
[WhiteElo "1926"]
[BlackElo "1755"]

1. c4 Nf6 2. Nc3 g6 3. g3 Bg7 4. Bg2 O-O 5. d4 d6 6. d5 c5 7. dxc6 Nxc6 8. Rb1
e5 9. a3 Bf5 10. e4 Bg4 11. Nge2 Nd4 12. Qd3 Qd7 13. Nxd4 exd4 14. Qxd4 Bh3 15.
O-O Bxg2 16. Kxg2 Qe6 17. Bf4 Rad8 18. Rfe1 h5 19. Qxa7 Qxc4 20. Qa4 Qxa4 21.
Nxa4 Ng4 22. Nc3 Kh7 23. Nd5 Bh6 24. Bxh6 Kxh6 25. h3 Ne5 26. Red1 f5 27. exf5
gxf5 28. Nf4 Rg8 29. h4 Rd7 30. Nd5 Rg6 31. b4 b5 32. Nc3 f4 33. Nxb5 f3+ 34.
Kg1 d5 0-1